000 00444nam a22001817a 4500
003 MPLRDC
005 20220104123318.0
008 210129b ||||| |||| 00| 0 eng d
020 _a962-17-0536-3
082 _a947.411 CZZ v.9
100 _a蔡志忠
245 _a漫画史记
_c
260 _a
_b博益出版集团有限公司
_c1988
300 _b
490 _a蔡志忠
650 _a蔡志忠漫画
942 _cBK
_o947.411 CZZ v.9
999 _c10303
_d10293